ইসলাম প্রসঙ্গ/ (Record no. 17978)
[ view plain ]
| 000 -LEADER | |
|---|---|
| fixed length control field | 01089nam a22002177a 4500 |
| 003 - CONTROL NUMBER IDENTIFIER | |
| control field | BDDh-ASL |
| 005 - DATE AND TIME OF LATEST TRANSACTION | |
| control field | 20231015025650.0 |
| 008 - FIXED-LENGTH DATA ELEMENTS--GENERAL INFORMATION | |
| fixed length control field | 200915b1970 ||||| |||| 00| 0 d |
| 040 ## - CATALOGING SOURCE | |
| Original cataloging agency | BDDh-ASL |
| Transcribing agency | BDDh-ASL |
| Modifying agency | BDDh-ASL |
| 041 ## - LANGUAGE CODE | |
| Language code of text/sound track or separate title | bengali |
| 082 ## - DEWEY DECIMAL CLASSIFICATION NUMBER | |
| Classification number | 297.1 |
| Item number | SHI |
| 100 1# - MAIN ENTRY--PERSONAL NAME | |
| Personal name | শহীদুল্লাহ্, ডক্টর মুহম্মদ |
| 9 (RLIN) | 796 |
| 245 #0 - TITLE STATEMENT | |
| Title | ইসলাম প্রসঙ্গ/ |
| Statement of responsibility, etc. | ডক্টর মুহম্মদ শহীদুল্লাহ্; মুহম্মদ সফিয়ুল্লাহ (সম্পা.)। |
| 246 ## - VARYING FORM OF TITLE | |
| Title proper/short title | Islam Prashanga. |
| 260 ## - PUBLICATION, DISTRIBUTION, ETC. | |
| Place of publication, distribution, etc. | ঢাকা: |
| Name of publisher, distributor, etc. | মুহম্মদ সফিয়ুল্লাহ, |
| Date of publication, distribution, etc. | ১৯৭০। |
| 300 ## - PHYSICAL DESCRIPTION | |
| Extent | ঢ, ২৬৭ পৃষ্ঠা: |
| Other physical details | ছবি; |
| Dimensions | ২৩ সে. মি.। |
| 504 ## - BIBLIOGRAPHY, ETC. NOTE | |
| Bibliography, etc. note | গ্রন্থপঞ্জি সংযুক্ত। |
| 650 #0 - SUBJECT ADDED ENTRY--TOPICAL TERM | |
| 9 (RLIN) | 798 |
| Topical term or geographic name entry element | ইসলামিক সমাজ ব্যবস্থা |
| General subdivision | ইসলাম ধর্ম |
| 700 ## - ADDED ENTRY--PERSONAL NAME | |
| Personal name | সফিয়ুাল্লাহ্, মুহম্মদ |
| 9 (RLIN) | 799 |
| 942 ## - ADDED ENTRY ELEMENTS (KOHA) | |
| Source of classification or shelving scheme | Dewey Decimal Classification |
| Koha item type | Books |
| Withdrawn status | Lost status | Source of classification or shelving scheme | Damaged status | Not for loan | Collection code | Home library | Current library | Shelving location | Date acquired | Source of acquisition | Total Checkouts | Full call number | Barcode | Date last seen | Copy number | Price effective from | Koha item type |
|---|---|---|---|---|---|---|---|---|---|---|---|---|---|---|---|---|---|
| Dewey Decimal Classification | Non-fiction | Asiatic Society Library | Asiatic Society Library | General Stacks | 09/15/2020 | Donated by Professor Husniara Huq | 297.1 SHI | 101119 | 09/15/2020 | C-1 | 09/15/2020 | Books | |||||
| Dewey Decimal Classification | Non-fiction | Asiatic Society Library | Asiatic Society Library | General Stacks | 09/16/2020 | Complementary | 297.1 SHI | 101125 | 09/16/2020 | C-2 | 09/16/2020 | Books |